000 00794nam a22002417a 4500
003 UA-OsUOA
001 46430
007 ta
008 20120220b un ||||| |||| 00| 0 ukr d
100 _aЛопашов Ю.
090 _a81
_bЛ77
942 _cBK
040 _aUA-OsUOA
_bukr
_cUA-OsUOA
_dUA-OsUOA
245 _aМестоименные повторы дополнения в балканских языках
300 _a124 с.
955 _a4
041 _aukr
080 _a81
260 _aЛенинград
_bНаука
_c1978
650 7 _a8 Мовознавство. Художня література. Літературознавство
_2UDC
999 _c426528
_d426528